Statistics for Queensland Cities by Picture

Click here to take the quiz!

General Stats

  • This quiz has been taken 23 times
  • The average score is 10 of 20

Answer Stats

Answer% Correct
Brisbane
100%
Gold Coast
100%
Cairns
76%
Sunshine Coast
76%
Townsville
76%
Bundaberg
67%
Toowoomba
57%
Hervey Bay
52%
Airlie Beach
48%
Gladstone
43%
Mackay
43%
Ipswich
38%
Rockhampton
38%
Longreach
33%
Mount Isa
33%
Port Douglas
33%
Winton
29%
Birdsville
24%
Cooktown
14%
Emerald
14%

Score Distribution

Percentile by Number Answered

Percent of People with Each Score

Your Score History

You have not taken this quiz